000
00286nam a22001337a 4500
008
171101b xxu||||| |||| 00| 0 eng d
020
_a
9789994361144
041
_a
eng
080
_a
339
100
_a
59
101
_a
TRE
245
_a
HYRJE NE EKONOMI
_c
AHMET.,M
942
_2
udc
_c
BK
999
_c
37059
_d
37059